Golden Age Spain /
| Autor principal: | |
|---|---|
| Format: | Llibre |
| Idioma: | English |
| Publicat: |
Houndmills, Basingstoke, Hampshire ; New York :
Palgrave Macmillan,
2004.
|
| Edició: | 2nd ed. |
| Col·lecció: | Studies in European history (New York, N.Y.)
|
| Matèries: | |
| Accés en línia: | Contributor biographical information Publisher description Table of contents only |
| Classic Catalogue: | View this record in Classic Catalogue |
| LEADER | 01796nam a2200373 a 4500 | ||
|---|---|---|---|
| 001 | 29237 | ||
| 003 | BD-DhAAL | ||
| 005 | 20150518122500.0 | ||
| 008 | 150518s2004 enk b 001 0 eng | ||
| 010 | |a 2004051022 | ||
| 020 | |a 1403933375 (pbk.) | ||
| 040 | |a DLC |c DLC |d DLC |d BD-DhAAL | ||
| 043 | |a e-sp--- | ||
| 050 | 0 | 0 | |a DP162 |b .K35 2004 |
| 082 | 0 | 0 | |a 946.03072 |2 22 |
| 100 | 1 | |a Kamen, Henry. |9 9631 | |
| 245 | 1 | 0 | |a Golden Age Spain / |c Henry Kamen. |
| 250 | |a 2nd ed. | ||
| 260 | |a Houndmills, Basingstoke, Hampshire ; |a New York : |b Palgrave Macmillan, |c 2004. | ||
| 300 | |a vii, 112 p. ; |c 22 cm. | ||
| 490 | 1 | |a Studies in European history | |
| 504 | |a Includes bibliographical references and index. | ||
| 541 | |e 29237 | ||
| 651 | 0 | |a Spain |x History |y Ferdinand and Isabella, 1479-1516 |x Historiography. |9 11170 | |
| 651 | 0 | |a Spain |x History |y House of Austria, 1516-1700 |x Historiography. |9 11171 | |
| 651 | 0 | |a Spain |x History |y Philip V, 1700-1746 |x Historiography. |9 11172 | |
| 830 | 0 | |a Studies in European history (New York, N.Y.) |9 11173 | |
| 856 | 4 | 2 | |3 Contributor biographical information |u http://www.loc.gov/catdir/enhancements/fy0618/2004051022-b.html |
| 856 | 4 | 2 | |3 Publisher description |u http://www.loc.gov/catdir/enhancements/fy0618/2004051022-d.html |
| 856 | 4 | 1 | |3 Table of contents only |u http://www.loc.gov/catdir/enhancements/fy0618/2004051022-t.html |
| 942 | |2 ddc |c BK | ||
| 999 | |c 34451 |d 34451 | ||
| 952 | |0 0 |1 0 |2 ddc |4 0 |6 946_030720000000000_KAM |7 0 |9 53779 |a BRACUL |b BRACUL |c GEN |d 2015-05-18 |e Trim Education |g 1975.00 |l 1 |o 946.03072 KAM |p 3010029237 |r 2015-07-02 |s 2015-06-25 |t 1 |w 2015-05-18 |y BK | ||
| 952 | |0 0 |1 0 |2 ddc |4 0 |6 946_030720000000000_KAM |7 0 |9 53780 |a BRACUL |b BRACUL |c GEN |d 2015-05-18 |e Trim Education |g 1975.00 |l 3 |m 19 |o 946.03072 KAM |p 3010029236 |r 2026-02-24 |s 2026-02-02 |t 2 |w 2015-05-18 |y BK | ||